000 00605nam a2200229Ia 4500
003 OSt
005 20220918105819.0
006 a|||||r|||| 00| 0
007 ta
008 220915b |||||||| |||| 00| 0 eng d
024 _a13197
037 _cReference Collections
040 _aARTS
_cARTS
_beng
041 _2eng
_aeng
082 _aMY43g, M2(RR)
245 0 _aLongman crossword key
260 _aG.
_bBritain Pitman Press
_c1982
490 _aVari us pagination
650 _aINDUSTRIAL ARTS
942 _hMY43g, M2(RR)
_cREF
999 _c109597
_d109597